000 00310nam a22001337a 4500
008 171201b xxu||||| |||| 00| 0 eng d
020 _a9780080430782
041 _aeng
080 _a159.9
100 _a48
101 _aPSI
245 _aBEST OF BEHAVIOUR RESEARCH AND THERAPY
_cRACHMAN,.S
942 _2udc
_cBK
999 _c38718
_d38718